Statistiques concernant Clubs de football commençant par T

Cliquez ici pour prendre le quiz!

Statistiques générales

  • Ce quiz a été pris 242 fois
  • Le résultat moyen est 6 sur 9

Statistiques - réponses

Réponse% Correct
Tottenham Hotspur
100%
Toulouse
100%
Torino FC
97%
Tigres UANL
88%
Toronto FC
78%
Trabzonspor FC
68%
Twente
62%
Tenerife
49%
Ternana
7%

Distribution des résultats

Percentile par nombre de réponses

% des personnes avec chaque résultat

Votre développement - résultats

Vous n’avez pas pris ce quiz